书目信息 |
| 题名: |
跟大厨学做家常凉菜600例
|
|
| 作者: | 刘万庆 , 孙玉成 主编 | |
| 分册: | ||
| 出版信息: | 北京 中国商业出版社 2006 |
|
| 页数: | 10,230页 | |
| 开本: | 21cm | |
| 丛书名: | ||
| 单 册: | ||
| 中图分类: | TS972.121 | |
| 科图分类: | ||
| 主题词: | 凉菜--菜谱--中国 , 凉菜 , 菜谱 | |
| 电子资源: | ||
| ISBN: | 7-5044-5629-2 | |
| 000 | 00710nam0 2200241 450 | |
| 001 | 1568293792 | |
| 005 | 20150130185832.03 | |
| 010 | @a7-5044-5629-2@dCNY19.80 | |
| 100 | @a20060618d2006 em y0chiy50 ea | |
| 101 | 0 | @achi |
| 102 | @aCN@b110000 | |
| 105 | @ay z 000yy | |
| 200 | 1 | @a跟大厨学做家常凉菜600例@9gen da chu xue zuo jia chang liang cai 600 li@f刘万庆,孙玉成主编 |
| 210 | @a北京@c中国商业出版社@d2006 | |
| 215 | @a10,230页@d21cm | |
| 606 | 0 | @a凉菜@x菜谱@y中国 |
| 606 | 0 | @a凉菜 |
| 606 | 0 | @a菜谱 |
| 690 | @aTS972.121@v5 | |
| 701 | 0 | @a刘万庆@9liu wan qing@c(菜谱)@4主编 |
| 701 | 0 | @a孙玉成@9sun yu cheng@c(烹饪)@4主编 |
| 801 | 0 | @aCN@bTSSF@c20150130 |
| 905 | @aZUCC@dTS972.121@eJY107 | |
| 跟大厨学做家常凉菜600例/刘万庆,孙玉成主编.-北京:中国商业出版社,2006 |
| 10,230页;21cm |
| ISBN 7-5044-5629-2:CNY19.80 |
| ● |
| 相关链接 |
|
|
|
|
正题名:跟大厨学做家常凉菜600例
索取号:TS972.121/JY107
 
预约/预借
| 序号 | 登录号 | 条形码 | 馆藏地/架位号 | 状态 | 备注 |
| 1 | 7862191 | 278621911 | 学院路分馆/ [索取号:TS972.121/JY107] | 在馆 |